000 00541nam a2200181 i 4500
001 91426
003 ES-MaACL
005 20230906180723.0
007 t|
008 050131s1923 xxk ||||1| eng d
100 1 _aLevinson, Abraham.
_971980
245 1 0 _aCerebrospinal fluid in health and in disease /
_cby Abraham Levinson ; with a foreword by Ludvig Hekkoen.
250 _a2nd ed.
260 _aSt. Louis :
_bC.V. Mosby Company,
_c1923.
300 _a267 p. :
_bil.
700 1 _aHekkoen, Ludvig.
_962411
852 _aES-MaACL
_jE-1509
999 _c91426
_d91426